Normal view
MARC view
- Lenns, C. A.
Entry Personal Name
001 - CONTROL NUMBER
- control field: 43542
003 - CONTROL NUMBER IDENTIFIER
- control field: OSt
005 - DATE AND TIME OF LATEST TRANSACTION
- control field: 20210819100458.0
008 - FIXED-LENGTH DATA ELEMENTS
- fixed length control field: 210819|| aca||aabn | a|a d
040 ## - CATALOGING SOURCE
- Original cataloging agency: OSt
- Transcribing agency: OSt
100 ## - HEADING--PERSONAL NAME
- Personal name: Lenns, C. A.
- Relator term: Author.
670 ## - SOURCE DATA FOUND
- Source citation: Work cat.: (OSt): Boyle, James F. 43539, Government contracted contingent fee auditors:, ©2016.
